000 00284nam a22001217a 4500
008 190305b xxu||||| |||| 00| 0 eng d
041 _aeng
080 _a611
100 _a6
101 _aANA
245 _aPhysiology and Biophysics of the Circulation
_cBurton, A.C
942 _2udc
_cBK
999 _c54520
_d54520